HTML Quiz - Statystyki

Ogólne statystyki
  • Ten quiz został rozwiązany 101 razy
    52 od ostatniego zresetowania
  • Średni wynik to 4 z 5
Statystyki odpowiedzi
+++ Komenda % Poprawnych
Najważniejszy nawias <>
100%
Największy Napis H1
90%
Tabelka table
89%
Nagłówek Head
79%
Java Script Script
67%
Hiperłącze a href...
65%
Odstęp pionowy br
63%
W jakiej części jest napsi? Body
61%
CSS Style
56%
Najważniejsze HTML
48%
Nie znaleziono quizów pasujących do podanych kryteriów
Rozkład punktacji
Procent ludzi z każdym wynikiem
Percentyl według liczby udzielonych odpowiedzi
Twoja historia wyników
Nie rozwiązałeś tego quizu od ostatniego zresetowania